| 000 | 00000nam##2200000za#4500 |
| 001 | 9.602442 |
| 003 | CaOODSP |
| 005 | 20240212134142 |
| 007 | cr ||||||||||| |
| 008 | 150406|1989||||xxc|||||o f|0| 0 fre|d |
| 040 | |aCaOODSP|bfre |
| 043 | |an-cn--- |
| 086 | 1 |aNE22-1/1989-5F-PDF |
| 110 | 1 |aCanada. |bOffice national de l'énergie. |
| 245 | 10|aMotifs de décision relativement à British Columbia Hydro and Power Authority : |h[ressource électronique]|bdemande présentée en vertu de la Loi sur l'Office national de l'énergie |
| 246 | 1 |iTitre de renvoi : |aBritish Columbia Hydro and Power Authority |
| 260 | |aOttawa - Ontario : |bOffice national de l'énergie |cJuin 1989. |
| 300 | |a28p.|bcarte, tableaux |
| 490 | 1 |aMotifs de décision|vEH-1-89 |
| 500 | |aLe nº de catalogue (NE22-1/1989-5F) et l'ISBN (0-662-95544-7) de l'édition imprimée ont été incorrectement copiés dans cette édition électronique. |
| 590 | |a12-04-Supp|b2012-02-20 |
| 775 | 08|tReasons for decision in the matter of British Columbia Hydro and Power Authority : |w(CaOODSP)9.572027 |
| 830 | #0|aMotifs de décision (Canada. Office national de l'énergie)|vEH-1-89|w(CaOODSP)9.500899 |
| 856 | 40|ahttp://publications.gc.ca|qPDF|s136 Ko|uhttps://publications.gc.ca/collections/collection_2011/one-neb/NE22-1-1989-05-fra.pdf|yEH-1-89 |